000 01080pam a2200325 a 4500
001 2421429
003 OSt
005 20140310182742.0
008 870417r19871951nyua 000 0 eng
010 _a 87011241
020 _a0399513906 (pbk.) :
_c$7.95
040 _aDLC
_cDLC
_dDLC
050 0 0 _aNC780
_b.P373 1987
082 0 0 _a743/.6
_219
100 1 _aPérard, Victor Semon,
_d1870-1957.
245 1 0 _aDrawing animals /
_cVictor Pérard, Gladys Emerson Cook, and Joy Postle.
260 _aNew York, NY :
_bPerigee Books,
_c[1987]
300 _a[96] p. :
_bill. ;
_c19 x 26 cm.
500 _aReprints of sections from five books originally published 1951-1972 in the Grosset art instruction series.
521 _acollege student
526 _c1210L-1700L
541 _j1
562 _efor circulation. 1 copy available in the collection
650 0 _aAnimals in art.
650 0 _aDrawing
_xTechnique.
700 1 _aCook, Gladys Emerson,
_d1899-
700 1 _aPostle, Joy.
906 _a7
_bcbc
_corignew
_d1
_eocip
_f19
_gy-gencatlg
942 _2lcc
_cBK
_kMA
999 _c15586
_d15586